=LDR 00000nam 2200000 4500 =001 INLIS000000000042269 =005 20131008015044 =008 ***********************************ind** =035 ##$$0010-101300000000191 =041 ##$$a ind =082 ##$$a F.Rom.D =090 ##$$a FRom.D, Set m =100 ##$$a Seyawan, Dwianto =245 ##$$a Menggulung komplotan penculik, Dwianto Setyawan =260 ##$$a 1976 $b Jakarta =300 ##$$a 91 hlm, ilus, 21 cm =650 ##$$a Fiksi dewasa =850 ##$$a NBPNMAT